Science Quiz

Random Science or Animal Quiz

► Animals - Whales Quiz Stats

 Plays Quiz not verified by Sporcle

Score 0/12 Timer 03:00
0 Plays Today
% Correct
Narwhal Whale
93.2%
Beluga Whale
83.3%
Sperm Whale
80.7%
Blue Whale
76%
Bowhead Whale
71.3%
Humpback Whale
63.4%
Short-finned Pilot Whale
59%
Fin Whale
48.2%
Gray Whale
48%
Sei Whale
47.2%
Minke Whale
46.4%
Right Whale
40.8%

You're not logged in!

Compare scores with friends on all Sporcle quizzes.
OR
Log In

Show Comments

Extras

Top Quizzes Today


Score Distribution

Your Account Isn't Verified!

In order to create a playlist on Sporcle, you need to verify the email address you used during registration. Go to your Sporcle Settings to finish the process.

Report this User

Report this user for behavior that violates our Community Guidelines.

Details: